OECD glossary of statistical terms
Na minha lista:
| Formato: | Livro |
|---|---|
| Idioma: | inglês |
| Publicado em: |
Paris
OECD
2008
|
| Colecção: | OECD glossaries
|
| Assuntos: | |
| Tags: |
Sem tags, seja o primeiro a adicionar uma tag!
|
MARC
| LEADER | 00000nam$a2200000$$$4500 | ||
|---|---|---|---|
| 001 | 0082909 | ||
| 005 | 20240315121033.2 | ||
| 020 | |a 978-92-64-02556-1 | ||
| 041 | 0 | |a eng | |
| 044 | |a FR | ||
| 245 | 1 | 0 | |a OECD glossary of statistical terms |
| 264 | 1 | |a Paris |b OECD |c 2008 | |
| 300 | |a 601 s. | ||
| 490 | 1 | |a OECD glossaries | |
| 830 | 0 | |a OECD glossaries | |
| 610 | 2 | 0 | |a štatistika |
| 610 | 2 | 0 | |a terminológia |